Statistics for US States Containing the Letter R

Click here to take the quiz!

General Stats

  • This quiz has been taken 348 times
  • The average score is 20 of 21

Answer Stats

Answer% Correct
Arkansas
97%
Florida
97%
New York
97%
Virginia
97%
West Virginia
97%
North Carolina
96%
Rhode Island
96%
Arizona
95%
California
95%
Georgia
95%
North Dakota
95%
Oregon
94%
Colorado
93%
South Carolina
93%
Delaware
92%
Missouri
92%
New Jersey
91%
Maryland
90%
New Hampshire
90%
Vermont
90%
Nebraska
86%

Score Distribution

Percentile by Number Answered

Percent of People with Each Score

Your Score History

You have not taken this quiz